Vale enchanting, being the chronicles of one man's family on a voyage of adventure.

Saved in:
Bibliographic Details
Main Author: Warden, W., R.
Format: Book
Language:English
Published: London, Harrap [1952]
Subjects:
Tags: Add Tag
No Tags, Be the first to tag this record!
LEADER 00597nam a2200217I 4500
001 006874237-1
005 20020606163548.3
008 760619s1952 enka 000 0 eng
010 |a  52066487  
015 |a GB52-9401 
035 0 |a ocm02237065 
040 |a DLC  |c GUA  |d UKM  |d HLS 
050 0 |a G464  |b .W26 
082 |a 910.4 
100 1 |a Warden, W., R. 
245 1 0 |a Vale enchanting,  |b being the chronicles of one man's family on a voyage of adventure. 
260 |a London,  |b Harrap  |c [1952] 
300 |a 203 p.  |b illus.  |c 21cm. 
650 0 |a Voyages and travels  |y 1950- 
988 |a 20020608 
906 |0 DLC